| 000 | 01113nam0a22002651 4500 | ||
|---|---|---|---|
| 001 | rc\681012 | ||
| 005 | 20260406152659.0 | ||
| 035 | _a(NLR Aleph) 005918336 | ||
| 090 |
_a6450128 _c6450128 |
||
| 100 | _a20031121d1985 |||y0rusy50 ca | ||
| 101 | 0 | _arus | |
| 102 | _aRU | ||
| 105 | _ay ||||||||| | ||
| 200 | 1 |
_aКритика современной буржуазной историографии индустриального освоения Сибири _eУчеб. пособие _fНовосиб. гос. ун-т им. Ленинского комсомола |
|
| 210 |
_aНовосибирск _cНГУ _d1985 |
||
| 215 |
_a88 с. _d20 |
||
| 320 | _aБиблиогр.: с. 76-87 (160 назв.) | ||
| 700 | 1 |
_7ca _8rus _aАлексеев _bВ. В. _cд-р ист. наук _f1934- _gВениамин Васильевич _9115949 _3RU\NLR\AUTH\775993 |
|
| 701 | 1 |
_7ca _8rus _aЗубков _bК. И. _f1957- _gКонстантин Иванович _9166235 _3RU\NLR\AUTH\770166282 |
|
| 801 | 0 |
_aRU _bNLR _gpsbo |
|
| 801 | 1 |
_aRU _bELAR _2rusmarc |
|
| 852 |
_aNLR _j86-4/3467 |
||
| 942 | _cBOOK | ||
| 980 | _aNB | ||